000 00852nam a22002537a 4500
999 _c17767
_d17767
003 AR-CdUCM
008 190304b ||||| |||| 00| 0 spa d
020 _a84-281-0236-8
040 _aMUNICIPALIDAD PROVINCIAL DEL CUSCO
_cBIBLIOTECA MUNICIPAL DEL CUSCO
041 _hfre
082 _a910 /
_bG38
100 _aGeorge, Pierre
_97618
245 _aCompendio de geografía urbana /
260 _aBarcelona :
_bAriel,
_c1964.
300 _a270 páginas ;
_c21 cm.
440 _aColección de ciencias económica
_937945
505 _aContenido: La formación del cuadro urbano -- Datos estadísticos generales -- proceso de crecimiento...
650 _aGeográfia física
_97620
650 _aPoblación urbana
_99069
650 _aProceso de crecimiento
_937946
700 _aGarzoline, Jorge
_937947
942 _2ddc
_cLIBROS
945 _arcc